002_ Personnalités nées un 2 janvier par images - Statistiques

Statistiques générales
  • Ce quiz a été pris 66 fois
  • Le résultat moyen est 2 sur 9
Statistiques - réponses
Par images Hint Réponse % Correct
Animateur Christophe Beaugrand
80%
Youtubeur Dr Nozman
74%
Footballeur Basile Boli
38%
Religieuse Thérèse de Lisieux
17%
Écrivain Isaac Asimov
6%
Acteur Cuba Gooding Jr.
5%
Doyenne de l'Humanité Kane Tanaka
3%
Mannequine Christy Turlington
2%
Actrice Shelley Hennig
2%
Aucun quiz correspondant
Distribution des résultats
% des personnes avec chaque résultat
Percentile par nombre de réponses
Votre historique - résultats
Vous n’avez pas pris ce quiz